000
00203nam a2200097Ia 4500
008
240331s9999 xx 000 0 und d
082
_b
ARU
100
_a
Arulanantham, N.P
245
0
_a
Amikunam
942
_c
L
999
_c
3980
_d
3980